• 首页
  • 本馆介绍
  • 公告通知
  • 最新文献
  • 馆藏检索
  • 电子资源
  • 读者导购
  • 参考咨询
  • 我的图书馆
  • 登录
  • 详细信息显示
  • 放入我的书架
  • 预约/预借图书
  • 作者相关作品
  • 分类相关作品
  • 丛书相关作品
  • 出版社相关作品

书目信息

  • 表格格式
  • 工作单格式
  • 卡片格式
书名: Shook over hell
作者: Eric T. Dean, Jr.
分册号:
分册名:
出版地: Cambridge, Mass. :
 
出版社: Harvard University Press
出版时间: 1997.
页数: xi, 315 p., [18] p. of plates :
开本: 25 cm.
丛书名:
中图分类号:
科图分类号:
其他分类号: K712.4
主题词:
电子资源: http://www.h-net.org/review/hrev-a0a8c6-aa      http://www.h-net.org/review/hrev-a0a8c9-aa     
000 01486cam a2200361 a 450
001 E0732509101
005 20070514090600.31
008 970220s1997 mauaf b 001 0 eng
010    @a97009737
020    @a0674806514 (alk. paper).
020    @a0-674-80652-2.
035    @A(DLC) 97009737
040    @aDLC@cDLC@dDLC
043    @an-us---
050 00 @aRC552.P67@bD434 1997
082 00 @a616.85/212@2 21
090    @aK712.4
099    @dK712.4@ex39
100 1  @aDean, Eric T.
245 10 @aShook over hell :@bpost-traumatic stress, Vietnam, and the Civil War / @cEric T. Dean, Jr.
260    @aCambridge, Mass. :@bHarvard University Press,@c1997.
300    @axi, 315 p., [18] p. of plates :@bill. ;@c25 cm.
500    @aRevision of the author’s thesis.
504    @aIncludes bibliographical references (p. [237]-310) and index.
650  0 @aVietnam War, 1961-1975@xVeterans@xMental health.
650  0 @aPost-traumatic stress disorder.
651  0 @aUnited States@xHistory@yCivil War, 1861-1865@xVeterans@xMental health.
856 42 @3 Book review (H-Net)@uhttp://www.h-net.org/review/hrev-a0a8c6-aa
856 42 @3 Book review (H-Net)@uhttp://www.h-net.org/review/hrev-a0a8c9-aa
906    @a7@bcbc@corignew@d1@eocip@f19@gy-gencatlg
920    @a** LC HAS REQ’D # OF SHELF COPIES **
955    @apb05 to SA00 02-21-97; jc14 02-24-97; jc06 02-24-97; jc13 02-26-97; CIP ver. pv07 11-17-97
991    @bc-GenColl@hRC552.P67@iD434 1997@tCopy 1@wBOOKS
    
    Shook over hell : : post-traumatic stress, Vietnam, and the Civil War / / Eric T. Dean, Jr.-Cambridge, Mass. : : Harvard University Press, , 1997.
    xi, 315 p., [18] p. of plates : : ill. ; ; 25 cm.
    Revision of the author’s thesis.-Includes bibliographical references (p. [237]-310) and index.
    
    ISBN 0674806514 (alk. paper).
    
●
相关链接 在E读中查询图书 在五车中查询图书 在当当中查询图书 在豆瓣中查询图书


正题名:Shook over hell     索取号:K712.4/x39         预约/预借

序号 登录号 条形码 馆藏地/架位号 状态 备注
1 8890   300088900   第二样本阅览室/ [索取号:K712.4/x39] 在馆    
唐山师范学院图书馆 欢迎您!
大连网信软件有限公司© 版权所有